Season 1 of "The 100" Quiz - Statistics

General Stats
  • This quiz has been taken 573 times
  • The average score is 11 of 15
Answer Stats
Question Answer % Correct
Which character killed Wells in episode 3? Charlotte
96%
Who shot chancellor Jaha on the ark before being sent to the ground? Bellamy
95%
How did the council on the ark solve the issue of decreasing oxygen levels? floating of 300 people
95%
Who is the first person to step foot on the ground after landing on Earth? Octavia
95%
What did Clarke and Bellamy find in an underground bunker near the landing site? Guns
85%
Who turned out to be responsible for the death of Jake Griffin? Abby
83%
What is the name of the first leader of the grounders that Clarke meets? Anya
83%
A group of people under which name come to kidnap the skypeople in the season 1 finale? the mountain men
83%
Which character got stabbed in a cave by Lincoln? Finn
72%
Who caused the explosion during the Ark's Unity Day speech? Diane
71%
What is the very first line Lincoln says in the show? "Thank you"
65%
How many stations of the ark in total united on Unity day? 12
60%
Who started the war between the Grounders and the Skypeople? Skypeople - Jasper
52%
When Octavia was captured by Lincoln ,who came to rescue her with Bellamy? Jasper,Monroe and Finn
40%
How was Adam killed? stabbed by Clarke
39%
No matching quizzes found
Score Distribution
Percent of People with Each Score
Percentile by Number Answered
Your Score History
You have not taken this quiz